Der Granatapfel, Symbol des Lebens in der Alten Welt /

Bibliographic Details
Main Author: Muthmann, Friedrich
Format: Book
Language:German
Published: [Fribourg] : Office du livre, 1982.
Series:Schriften der Abegg-Stiftung Bern ; Bd. 6.
Subjects:

MARC

Tag First Indicator Second Indicator Subfields
LEADER 00000cam a2200000 a 4500
001 in00000394251
005 20151011123010.0
008 830711s1982 sz a b 00110 ger
010 |a  83109631  
035 |a (OCoLC)09759409 
035 |9 ABS4927AM 
039 0 |a 2  |b 3  |c 3  |d 3  |e 3 
040 |a DLC  |c DLC  |d TXA  |d UtOrBLW 
049 |a TXAM  |c [A09150231] 
050 0 0 |a N5333  |b .M87 1982 
082 0 |a 704.9/434  |2 19 
100 1 |a Muthmann, Friedrich. 
245 1 4 |a Der Granatapfel, Symbol des Lebens in der Alten Welt /  |c Friedrich Muthmann. 
264 1 |a [Fribourg] :  |b Office du livre,  |c 1982. 
300 |a 178 pages :  |b illustrations ;  |c 33 cm. 
336 |a text  |b txt  |2 rdacontent 
337 |a unmediated  |b n  |2 rdamedia 
338 |a volume  |b nc  |2 rdacarrier 
490 1 |a Schriften der Abegg-Stiftung Bern ;  |v Bd. 6 
504 |a Includes bibliographical references and indexes. 
650 0 |a Art, Ancient  |x Themes, motives. 
650 0 |a Decoration and ornament  |x Plant forms. 
650 0 |a Pomegranate in art. 
830 0 |a Schriften der Abegg-Stiftung Bern ;  |v Bd. 6. 
999 |a MARS 
999 f f |s cffb301f-dea8-3816-8aaf-2c6684ea802e  |i 6a0b278b-00ac-3144-b09e-c66698396766  |t 0 
952 f f |p ric  |a Texas A&M University  |b Rellis Campus  |c Joint Library Facility  |d Remote Storage  |t 0  |e N5333 .M87 1982  |h Library of Congress classification  |i unmediated -- volume  |m A14809150231 
998 f f |a N5333 .M87 1982  |t 0  |l Remote Storage